LEADER 00756oam 2200253z- 450 001 9910148728703321 005 20160114075017.0 010 $a1-61564-470-9 035 $a(CKB)3710000000922254 035 $a(EXLCZ)993710000000922254 100 $a20210505c2007uuuu -u- - 101 0 $aeng 200 14$aThe complete idiot's guide to handwriting analysis /$fby Sheila R. Lowe 210 $cAlpha 311 $a1-59257-601-X 517 $aComplete Idiot's Guide to Handwriting Analysis, 2nd Edition 606 $aGraphology 615 0$aGraphology. 676 $a155.2/82 700 $aLowe$b Sheila R$01239035 906 $aBOOK 912 $a9910148728703321 996 $aThe complete idiot's guide to handwriting analysis$92875157 997 $aUNINA LEADER 01430nam a2200337 i 4500 001 991003875289707536 008 200806s2017 it a b 000 0 ita d 020 $a9788846749239 035 $ab14401617-39ule_inst 040 $aBibl. Dip.le Aggr. DiSTeBA - Sez. Biologia$beng 082 04$a809.3915 100 1 $aGaspa, Pier Luigi$0787644 245 10$aGiardini del fantastico :$ble meraviglie della botanica dal mito alla scienza in letteratura, cinema e fumetto /$cPier Luigi Gaspa, Giulio Giorello 264 1$aPisa :$bEdizioni ETS,$c[2017] 300 $a303 pages :$billustrations (chiefly color) ;$c24 cm 336 $atext$btxt$2rdacontent 337 $aunmediated$bn$2rdamedia 338 $avolume$bnc$2rdacarrier 504 $aIncludes bibliographical references (page 302) 650 0$aPlants in literature 650 0$aPlants$xMythology 650 0$aPlants$xFolklore 650 0$aPlants in art 700 1 $aGiorello, Giulio$eauthor$4http://id.loc.gov/vocabulary/relators/aut$050899 856 41$zTable of contents only$uhttp://catdir.loc.gov/catdir/toc/casalini16/4148445.pdf 907 $a.b14401617$b15-10-20$c06-08-20 912 $a991003875289707536 945 $aLE003 808 GAS01.01 (2017)$g1$i2003000067248$lle003$op$pE28.00$q-$rl$s- $t0$u2$v1$w2$x0$y.i15939418$z15-10-20 996 $aGiardini del fantastico$91755322 997 $aUNISALENTO 998 $ale003$b06-08-20$cm$da $e-$fita$git $h0$i0